| 000 | 00600nam a2200193Ia 4500 | ||
|---|---|---|---|
| 003 | GCL | ||
| 008 | 140319s9999 xx 000 0 ara d | ||
| 040 |
_aGCL / _cGCL |
||
| 082 | 0 | 4 |
_a229.4 _bا ا |
| 100 | 1 | _aابوبكر الجزائرى | |
| 245 | 1 | 0 |
_aالاذكار والادعية النبوية للفرقة الناجية / _cابوبكر الجزائرى |
| 260 |
_a[S.N] : _bمكتبة التراث الاسلامى ، _c1992 |
||
| 300 | _a128ص | ||
| 490 | _a | ||
| 650 | 0 | 4 | _aالاسلام |
| 650 | 0 | 4 | _aالدعاء |
| 650 | 0 | 4 | _aالادعية والاوراد |
| 942 |
_2ddc _cBK |
||
| 999 |
_c48358 _d48358 |
||